000 00464nam a2200121Ia 4500
008 220216s9999 xx 000 0 und d
100 _aThaipetch S
245 0 _aRubberwood production and utilisation in Thailand
260 _bIn: Proceedings of the International Forum on Investment Opportunities in the Rubber Wood Industry, 20-22 September 1993, Kuala Lumpur, Malaysia, pp.161-170.
_c1993
650 _aRubberwood production
650 _aThailand
942 _cBO
999 _c48224
_d48224